[Event "Challenge"]
[Site "http://www.queenalice.com/game.php?id=162829"]
[Date "2007.2.2"]
[Round "-"]
[White "RobertoAlves"]
[Black "Chessmachado"]
[Result "1-0"]
[WhiteElo "1838"]
[BlackElo "1713"]

1. d4 Nf6 2. c4 e6 3. Nc3 Bb4 4. Bd2 d5 5. e3 c5 6. Nf3 Nc6 7. Bd3 O-O 8. O-O
cxd4 9. exd4 Re8 10. c5 b6 11. a3 Bxc3 12. bxc3 e5 13. Bb5 Bd7 14. Bxc6 Bxc6 15.
Nxe5 Bb7 16. c6 Ba6 17. Re1 h6 18. Qf3 Bc8 19. h3 Ba6 20. Rac1 Rc8 21. h4 Bb5
22. Be3 Bxc6 23. c4 Bb7 24. a4 Rc7 25. Qg3 Kh7 26. Qh2 dxc4 27. Nxc4 Qd5 28. Nd6
Rxc1 29. Rxc1 Re7 30. Nxb7 Rxb7 31. Qf4 Qd7 32. f3 Nd5 33. Qe4+ g6 34. Bf2 Nf6
35. Qf4 Kg7 36. Qe5 Qe6 37. Qxe6 fxe6 38. Rc6 Kf7 39. Bg3 Rd7 40. Be5 Nd5 41.
Kf2 g5 42. hxg5 hxg5 43. Kg3 Ne7 44. Rc1 Nf5+ 45. Kg4 Nxd4 46. Rd1 Kg6 47. Rxd4
Rh7 48. Kg3 Kf5 49. Bb8 Rb7 50. Rd8 a6 51. Rf8+ Kg6 52. Be5 b5 53. axb5 Rxb5 54.
Rf6+ Kh5 55. Rxe6 a5 56. Bg7 g4 57. f4 1-0

[Event "AUTO-ADV-424"]
[Site "http://www.queenalice.com/game.php?id=176199"]
[Date "2007.3.2"]
[Round "1"]
[White "RobertoAlves"]
[Black "VladimirSpirin"]
[Result "1-0"]
[WhiteElo "1671"]
[BlackElo "1867"]

1. d4 b6 2. e4 Bb7 3. Nd2 g6 4. Ngf3 Bg7 5. Bc4 e6 6. O-O Ne7 7. a3 d6 8. Ba2
Nd7 9. Re1 O-O 10. Rb1 Qb8 11. b4 a6 12. Bb2 b5 13. c4 Qa7 14. Qe2 c6 15. e5 d5
16. cxd5 cxd5 17. Nb3 Rac8 18. Nc5 Nxc5 19. dxc5 Nc6 20. Ng5 h6 21. Nf3 Qa8 22.
Red1 Rcd8 23. Bb3 Qb8 24. Bc2 Qc7 25. Qe3 Rd7 26. Ba1 Ra8 27. h4 Rad8 28. Bd4
Rb8 29. a4 Ne7 30. g4 Bc6 31. a5 Qd8 32. h5 Rc7 33. Nh4 Be8 34. hxg6 fxg6 35. f4
Nc6 36. Qg3 g5 37. Ng2 Nxd4 38. Rxd4 Bf7 39. f5 Rc6 40. f6 Bf8 41. Qd3 Bxc5 42.
Qh7+ Kf8 43. Qh8+ Bg8 44. bxc5 Qc7 45. Bg6 Rb7 46. Qxh6+ 1-0

[Event "AUTO-ADV-424"]
[Site "http://www.queenalice.com/game.php?id=176200"]
[Date "2007.3.2"]
[Round "1"]
[White "VladimirSpirin"]
[Black "RobertoAlves"]
[Result "1/2-1/2"]
[WhiteElo "1936"]
[BlackElo "1800"]

1. b3 e5 2. Bb2 d6 3. g3 Nc6 4. Bg2 Nf6 5. e3 Be7 6. d3 O-O 7. Ne2 Bf5 8. Nd2
Re8 9. h3 Bf8 10. O-O Qd7 11. Kh2 Rad8 12. Rh1 h6 13. Kg1 d5 14. a3 Bc5 15. Qe1
Bb6 16. Qc1 a6 17. b4 Ba7 18. Nb3 Qe7 19. Qd2 Nh7 20. Nc3 Be6 21. Ne2 b6 22. Rc1
f5 23. d4 e4 24. Nf4 Bf7 25. Bf1 Nb8 26. a4 Ng5 27. Be2 Rf8 28. b5 a5 29. Ra1
Qd7 30. Qd1 Rfe8 31. Kg2 Qc8 32. Ba3 Ne6 33. Nxe6 Qxe6 34. Nd2 Nd7 35. c3 Rc8
36. c4 Nf6 37. Qb3 c6 38. bxc6 Rxc6 39. cxd5 Nxd5 40. Qb2 Rec8 41. Rhc1 Bb8 42.
Bb5 Rxc1 43. Rxc1 Rxc1 44. Qxc1 Kh7 45. Qc6 Qxc6 46. Bxc6 g5 47. Bf8 Kg6 48. g4
Nc3 49. gxf5+ Kxf5 50. f3 exf3+ 51. Kxf3 h5 52. e4+ Kf6 53. d5 Bc7 54. Nc4 g4+
55. hxg4 hxg4+ 56. Kxg4 Nxe4 57. Kf3 Nc5 58. d6 Bd8 59. Ne3 Bb3 60. d7 Bxa4 61.
Bd5 Nxd7 62. Bd6 Ne5+ 63. Ke4 Nf7 64. Ng4+ Kg5 65. Bxf7 1/2-1/2

[Event "AUTO-ADV-424"]
[Site "http://www.queenalice.com/game.php?id=176201"]
[Date "2007.3.2"]
[Round "1"]
[White "RobertoAlves"]
[Black "MarcosRamos"]
[Result "1-0"]
[WhiteElo "1893"]
[BlackElo "1673"]

1. d4 d5 2. c4 c6 3. Nf3 Nf6 4. Bf4 e6 5. Nc3 Nbd7 6. e3 Be7 7. Bd3 O-O 8. O-O
Re8 9. Qc2 Nf8 10. cxd5 exd5 11. Rfe1 Ng6 12. Bg3 Bg4 13. Ne5 Bh5 14. h3 Bd6 15.
f4 Nd7 16. Bh2 Bxe5 17. fxe5 Ngf8 18. e4 Nb6 19. Qf2 1-0

[Event "AUTO-ADV-424"]
[Site "http://www.queenalice.com/game.php?id=176202"]
[Date "2007.3.2"]
[Round "1"]
[White "MarcosRamos"]
[Black "RobertoAlves"]
[Result "0-1"]
[WhiteElo "1673"]
[BlackElo "1905"]

1. b4 e5 2. Bb2 Nc6 3. b5 Nce7 4. Bxe5 Ng6 5. Bb2 d5 6. e3 Nf6 7. Nf3 Bc5 8. c4
O-O 9. Nc3 c6 10. d4 Bb4 11. a3 Ba5 12. Rc1 Bf5 13. Bd3 Qd7 14. O-O Rfe8 15. a4
Bb4 16. c5 Ba5 17. Re1 Re7 18. Rb1 Bxd3 19. Qxd3 Ne4 20. Rec1 Rae8 0-1

[Event "AUTO-ADV-424"]
[Site "http://www.queenalice.com/game.php?id=176203"]
[Date "2007.3.2"]
[Round "1"]
[White "RobertoAlves"]
[Black "Herivelto"]
[Result "1-0"]
[WhiteElo "1746"]
[BlackElo "1836"]

1. d4 c5 2. c3 e6 3. Nf3 Nc6 4. Bf4 b6 5. e4 d6 6. Bb5 Bd7 7. Qa4 Qc8 8. O-O a6
9. Bxc6 Bxc6 10. Qc2 Nf6 11. Nbd2 g6 12. Rfe1 Bg7 13. Bxd6 Qd8 14. e5 Nd5 15.
Ne4 Ne7 16. Bxe7 Qxe7 17. Nd6+ Kd8 18. Qd3 Rb8 19. Ng5 Be8 20. dxc5 f6 21. exf6
Bxf6 22. Nxe6+ Kd7 23. Rad1 Kc6 24. Qd5+ Kd7 25. c6# 1-0

[Event "AUTO-ADV-424"]
[Site "http://www.queenalice.com/game.php?id=176204"]
[Date "2007.3.2"]
[Round "1"]
[White "Herivelto"]
[Black "RobertoAlves"]
[Result "0-1"]
[WhiteElo "1874"]
[BlackElo "1861"]

1. Nf3 d5 2. c4 e6 3. cxd5 exd5 4. b3 Nf6 5. Bb2 Bd6 6. g3 O-O 7. Bg2 c5 8. d3
Nbd7 9. O-O Re8 10. Nbd2 b5 11. Rc1 Bb7 12. Re1 d4 13. b4 Rc8 14. bxc5 Bxc5 15.
Nb3 Bb4 16. Nbd2 Bc3 17. Rb1 Nd5 18. Nxd4 b4 19. Nb5 N7f6 20. e4 Nb6 21. Nxa7
Rc5 22. Bxc3 bxc3 23. Nb3 c2 24. Qd2 cxb1=Q 25. Rxb1 Rce5 26. Qe3 Nc8 27. Rc1
Nxa7 28. Nc5 Bc8 29. d4 R5e7 30. Rb1 Nc6 31. d5 Nxd5 32. Qd3 Nf6 33. Qxd8 Nxd8
34. f3 Ne6 35. Nxe6 Bxe6 36. a4 Ra7 37. Ra1 Ra5 38. Bf1 Rea8 39. Bb5 Bd7 0-1

[Event "Challenge"]
[Site "http://www.queenalice.com/game.php?id=190357"]
[Date "2007.3.31"]
[Round "-"]
[White "RobertoAlves"]
[Black "pedrinhoIII"]
[Result "1-0"]
[WhiteElo "1814"]
[BlackElo "1678"]

1. Nf3 e6 2. d4 Qf6 3. e4 h6 4. Bc4 c5 5. c3 cxd4 6. cxd4 Nc6 7. O-O Bd6 8. e5
Bxe5 9. dxe5 Nxe5 10. Nxe5 Qxe5 11. Re1 Qc7 12. b3 Qd8 13. Bf4 Qf6 14. Be5 Qg6
15. Bd6 b5 16. Bd5 Bb7 17. Bxb7 Rd8 18. Nd2 Ne7 19. Nf3 1-0

[Event "Esperanto"]
[Site "http://www.queenalice.com/game.php?id=215227"]
[Date "2007.5.23"]
[Round "-"]
[White "RobertoAlves"]
[Black "PROFALEXANDRE"]
[Result "1/2-1/2"]
[WhiteElo "1942"]
[BlackElo "1527"]

1. Nf3 d5 2. d4 Nf6 3. c4 dxc4 4. Nc3 e6 5. e4 Nc6 6. Bxc4 Bb4 7. Bg5 h6 8. Bxf6
Qxf6 9. O-O O-O 10. Ne2 Rd8 11. e5 Qf5 12. Qb3 a6 13. Rad1 f6 14. d5 Nxe5 15.
Nxe5 Qxe5 16. Qxb4 exd5 17. Bb3 Qxe2 18. Rfe1 Qh5 19. Qe7 Bg4 20. Rd4 c6 21.
Qxb7 Re8 22. Rc1 Rec8 23. Bd1 Bxd1 24. Rdxd1 Re8 25. Qxc6 Red8 26. Rd4 Qe5 27.
Rcd1 Rdc8 28. Qxd5+ Qxd5 29. Rxd5 Rc2 30. R5d2 Rxd2 31. Rxd2 Re8 32. g3 g5 33.
Kg2 h5 34. b4 h4 35. gxh4 gxh4 36. Kh3 Re4 37. Rb2 f5 38. a4 Kg7 39. a5 Kg6 40.
b5 axb5 41. Rxb5 Ra4 42. Rb6+ Kg5 43. a6 Ra3+ 44. Kg2 h3+ 45. Kf1 Ra1+ 46. Ke2
Kg4 47. Ke3 f4+ 48. Ke2 Ra2+ 49. Kf1 Kf3 50. Rb3+ Kg4 51. Rb6 Ra1+ 52. Ke2 Ra2+
53. Ke1 Kf3 54. Rh6 Kg2 55. Rg6+ Kf3 56. Rh6 Rxf2 57. Rxh3+ Kg2 58. Rh8 Ra2 59.
Rf8 f3 60. Rg8+ Kxh2 61. Rg6 f2+ 62. Kf1 Kh3 63. a7 Rxa7 64. Kxf2 Ra2+ 65. Kf3
Ra3+ 66. Kf4 1/2-1/2

[Event "AUTO-ADV-501"]
[Site "http://www.queenalice.com/game.php?id=215409"]
[Date "2007.5.23"]
[Round "1"]
[White "gabrielbrenner"]
[Black "RobertoAlves"]
[Result "1-0"]
[WhiteElo "1788"]
[BlackElo "1965"]

1. e4 e5 2. Nf3 Nc6 3. Bc4 Nf6 4. O-O Bc5 5. Nc3 O-O 6. d3 d6 7. h3 Bd7 8. Bg5
Be6 9. Bb3 Nd4 10. Nxd4 Bxd4 11. Qd2 c6 12. Kh1 Kh8 13. f4 Rg8 14. f5 Bxb3 15.
axb3 d5 16. Rad1 Qd6 17. Rf3 h6 18. Bh4 Rac8 19. Rb1 b5 20. Qe2 b4 21. Nd1 g5
22. fxg6 Rxg6 23. c3 Bb6 24. c4 d4 25. Qf1 Bd8 26. Ra1 Ra8 27. Qf2 Be7 28. Ra4
a5 29. Qf1 h5 30. Be1 c5 31. Bh4 Qe6 32. Rg3 Rxg3 33. Bxg3 h4 34. Bxh4 Nxe4 35.
Qf3 Qg6 36. Bxe7 Re8 37. Qxe4 Qxe4 38. dxe4 Rxe7 39. Rxa5 Rc7 40. Nf2 Kg7 41.
Nd3 f5 42. exf5 e4 43. Rxc5 Rd7 44. Nxb4 d3 45. Na2 e3 46. Nc3 d2 47. Re5 Rd3
48. Nd1 Rxb3 49. Rxe3 Rb4 50. b3 Rb7 51. Rd3 Kf6 52. g4 1-0

[Event "AUTO-ADV-501"]
[Site "http://www.queenalice.com/game.php?id=215410"]
[Date "2007.5.23"]
[Round "1"]
[White "RobertoAlves"]
[Black "gabrielbrenner"]
[Result "1-0"]
[WhiteElo "1968"]
[BlackElo "1684"]

1. Nf3 Nc6 2. e4 e5 3. Bc4 Nf6 4. Nc3 Bc5 5. O-O O-O 6. d3 h6 7. Qe1 d6 8. Be3
Bb6 9. Nd5 Nxd5 10. Bxd5 Bd7 11. Qd2 Qf6 12. c3 Rab8 13. d4 Qg6 14. Rfe1 Bh3 15.
g3 Qg4 16. Qe2 Ne7 17. dxe5 dxe5 18. Bxb6 axb6 19. Nxe5 Qg5 20. Nd3 Nxd5 21.
exd5 Qxd5 22. Nf4 Qd7 23. Rad1 Qf5 24. Nxh3 Qxh3 25. Qe7 c6 26. Qb4 b5 27. Re7
Rbd8 28. Rde1 b6 29. Qf4 Rd2 30. Qxd2 1-0

[Event "AUTO-ADV-501"]
[Site "http://www.queenalice.com/game.php?id=215425"]
[Date "2007.5.23"]
[Round "1"]
[White "Amadeus"]
[Black "RobertoAlves"]
[Result "1-0"]
[WhiteElo "2059"]
[BlackElo "1984"]

1. e4 e5 2. Nf3 Nc6 3. Bc4 d6 4. O-O Be7 5. d4 exd4 6. Nxd4 Ne5 7. Bd5 Nf6 8. f4
Ng6 9. Nc3 O-O 10. Bc4 Bd7 11. Bd2 c5 12. Nf3 Bc6 13. f5 Ne5 14. Nxe5 dxe5 15.
Qe2 a6 16. Rfd1 b5 17. Be3 Qc7 18. Nd5 Nxd5 19. Bxd5 Bb7 20. Bxb7 Qxb7 21. Rd5
Qc7 22. Rad1 Rad8 23. Qg4 Rfe8 24. Bh6 Bf8 25. f6 g6 26. Bxf8 Rxf8 27. c3 Qb6
28. Qg5 Rxd5 29. Rxd5 c4+ 30. Kf1 h6 31. Qxe5 Kh7 32. Qe7 Qb8 33. Rd7 h5 34. Ke2
Kh6 35. Ke3 g5 36. h4 Re8 37. hxg5+ Kxg5 38. Qc5+ Kh4 39. Qc7 Qxc7 40. Rxc7 Kg3
41. Rxf7 Kxg2 42. Rg7+ Kh3 43. f7 Rf8 44. e5 h4 45. e6 1-0

[Event "AUTO-ADV-501"]
[Site "http://www.queenalice.com/game.php?id=215426"]
[Date "2007.5.23"]
[Round "1"]
[White "RobertoAlves"]
[Black "Amadeus"]
[Result "1-0"]
[WhiteElo "1951"]
[BlackElo "2002"]

1. Nf3 d5 2. d4 Nc6 3. c4 Bg4 4. Nc3 Bxf3 5. exf3 e6 6. Be3 Bb4 7. c5 Bxc3+ 8.
bxc3 Nf6 9. Bd3 b6 10. Bb5 Qd7 11. Qa4 O-O 12. Bxc6 Qe7 13. Bxa8 Rxa8 14. O-O
bxc5 15. Rfe1 cxd4 16. cxd4 Qd7 17. Qa6 h5 18. Rab1 Qc8 19. Qc6 Rb8 20. Rec1
Rxb1 21. Rxb1 Ne8 22. Rb7 a5 23. Ra7 Kh7 24. Ra8 Qxa8 25. Qxa8 Nd6 26. Qxa5 Ne8
27. a4 1-0

[Event "AUTO-ADV-501"]
[Site "http://www.queenalice.com/game.php?id=215435"]
[Date "2007.5.23"]
[Round "1"]
[White "tupifc"]
[Black "RobertoAlves"]
[Result "0-1"]
[WhiteElo "1725"]
[BlackElo "1976"]

1. e4 e5 2. Nf3 Nc6 3. Bc4 Nf6 4. Ng5 d5 5. exd5 Nxd5 6. d3 Be7 7. Qh5 g6 8. Qh4
Bf5 9. O-O Qd7 10. Qg3 f6 11. Nf3 O-O-O 12. Nfd2 Kb8 13. Na3 Nd4 14. Kh1 h5 15.
Nf3 Ne2 16. Qh4 Ndf4 17. Bxf4 exf4 18. Rfe1 g5 19. Nxg5 fxg5 20. Qxg5 Bxg5 21.
Rxe2 Rhe8 22. Bb5 c6 23. Rxe8 Qxe8 24. Bc4 Qe2 25. g3 Qxf2 26. gxf4 Bxf4 27. Rg1
Qxh2# 0-1

[Event "AUTO-ADV-501"]
[Site "http://www.queenalice.com/game.php?id=215436"]
[Date "2007.5.23"]
[Round "1"]
[White "RobertoAlves"]
[Black "tupifc"]
[Result "1/2-1/2"]
[WhiteElo "1974"]
[BlackElo "1757"]

1. Nf3 c5 2. e4 e6 3. c3 d5 4. Bb5+ Bd7 5. Qa4 Bxb5 6. Qxb5+ Qd7 7. Qe2 dxe4 8.
Qxe4 Nf6 9. Qe2 Nc6 10. O-O h6 11. Rd1 O-O-O 12. Ne5 Nxe5 13. Qxe5 Bd6 14. Qe2
h5 15. d4 cxd4 16. Rxd4 Ng4 17. Bf4 e5 18. Rc4+ Kb8 19. Bg3 h4 20. Rxg4 hxg3 21.
fxg3 g6 22. c4 Bc5+ 23. Kf1 Rxh2 24. Rh4 Qf5+ 25. Ke1 Bb4+ 26. Nc3 Bxc3+ 27.
bxc3 Rxh4 28. gxh4 f6 29. c5 Qd3 30. Rc1 Qxe2+ 31. Kxe2 Rd5 32. Ke3 Rxc5 33. c4
b5 34. Kd3 bxc4+ 35. Kc3 Ra5 36. Rc2 Ra3+ 37. Kxc4 Ra4+ 38. Kd5 Rxh4 39. Ke6 Rf4
40. Kd7 Rd4+ 41. Ke6 Rf4 42. Kd7 Rd4+ 43. Ke7 f5 44. Kf6 e4 45. Kxg6 e3 46. Re2
Rd2 47. Rxe3 Rxg2+ 48. Kxf5 Rxa2 49. Ke6 Ra6+ 50. Kd7 Rb6 51. Rc3 Rb7+ 52. Kd8
a6 53. Rc6 Ka7 54. Kc8 Rb8+ 55. Kc7 Rb7+ 56. Kc8 a5 57. Rc5 Ka6 58. Rxa5+ Kxa5
59. Kxb7 Kb5 60. Kc7 1/2-1/2

[Event "Challenge"]
[Site "http://www.queenalice.com/game.php?id=217369"]
[Date "2007.5.28"]
[Round "-"]
[White "technicaldraw"]
[Black "RobertoAlves"]
[Result "0-1"]
[WhiteElo "2107"]
[BlackElo "1917"]

1. e4 e5 2. Nf3 Nc6 3. Bb5 d6 4. d4 exd4 5. Nxd4 Ne7 6. Nc3 Bd7 7. O-O Ne5 8.
Bxd7+ Qxd7 9. f4 N5g6 10. Nf3 Nc6 11. Be3 Be7 12. Nd5 Bd8 13. a3 O-O 14. c4 Nce7
15. b4 c6 16. Nxe7+ Bxe7 17. e5 Rad8 18. exd6 Bxd6 0-1

[Event "AUTO-ADV-424"]
[Site "http://www.queenalice.com/game.php?id=228700"]
[Date "2007.6.21"]
[Round "2"]
[White "RobertoAlves"]
[Black "salso"]
[Result "0-1"]
[WhiteElo "1920"]
[BlackElo "2076"]

1. d4 Nf6 2. c4 e6 3. Nc3 d5 4. e3 c6 5. cxd5 exd5 6. Nf3 Bf5 7. Bd3 Ne4 8. O-O
Nxc3 9. bxc3 Bxd3 10. Qxd3 Bd6 11. a4 Nd7 12. Ba3 Bxa3 13. Rxa3 Qe7 14. Raa1 Nf6
15. a5 O-O 16. a6 b5 17. Ne5 Rfc8 18. Rfe1 Nd7 19. Nxd7 Qxd7 20. e4 dxe4 21.
Rxe4 f5 22. Re2 Re8 23. Rae1 Rxe2 24. Qxe2 Kf8 25. Qe5 Re8 26. Qc5+ Kf7 27. Rxe8
Kxe8 28. h3 Kd8 29. Qe5 Kc8 30. g3 g6 31. f4 Kd8 32. Kf2 Qc8 33. Qh8+ Kc7 34.
Qxh7+ Kb6 35. Qxg6 Kxa6 36. d5 Kb6 37. h4 a5 38. h5 a4 39. h6 a3 40. h7 a2 41.
Qg8 Qxg8 42. hxg8=Q a1=Q 43. Qb8+ Kc5 44. dxc6 Qb2+ 45. Kf1 Qb1+ 46. Kf2 Kxc6
47. Qc8+ Kd5 48. Qd7+ Kc5 49. Qd4+ Kc6 50. Kf3 Qf1+ 51. Qf2 Qd3+ 0-1

[Event "AUTO-ADV-424"]
[Site "http://www.queenalice.com/game.php?id=228701"]
[Date "2007.6.21"]
[Round "2"]
[White "salso"]
[Black "RobertoAlves"]
[Result "1-0"]
[WhiteElo "2117"]
[BlackElo "1928"]

1. d4 Nf6 2. Bf4 g6 3. Nc3 Bg7 4. e4 d6 5. Be2 O-O 6. g4 e5 7. dxe5 dxe5 8. Qxd8
Rxd8 9. Bg5 Be6 10. f3 Nc6 11. a3 Rd7 12. Bb5 Rd6 13. Bxc6 bxc6 14. Rd1 h5 15.
Rxd6 cxd6 16. h3 d5 17. Nge2 d4 18. Na4 Nh7 19. Bc1 Bf8 20. gxh5 g5 21. Rg1 f6
22. h4 Be7 23. hxg5 fxg5 24. f4 exf4 25. Nxf4 Kf7 26. Nxe6 Kxe6 27. c3 d3 28.
Be3 Ke5 29. Rg4 Nf8 30. Kd2 Ne6 31. Kxd3 Rh8 32. Bd4+ Nxd4 33. cxd4+ Kf6 34. b4
Rxh5 35. Nc5 Rh3+ 36. Kc4 Rxa3 37. Nd7+ Ke6 38. Ne5 Kd6 39. Nf7+ Kd7 40. Nxg5
Ra4 41. Nf7 Rxb4+ 42. Kc3 a5 43. Ne5+ Kd6 44. Rg6+ Kc7 45. Nxc6 Kd7 46. Nxb4 1-0